Propuesta para la generación semiautomatizada de unidades de paisajes : (Record no. 133699)

MARC details
000 -LEADER
fixed length control field 01082nam a22002417a 4500
005 - DATE AND TIME OF LATEST TRANSACTION
control field 20170601130130.0
008 - FIXED-LENGTH DATA ELEMENTS--GENERAL INFORMATION
fixed length control field 170601b mx ||||| |||| 00| 0 spa d
020 ## - INTERNATIONAL STANDARD BOOK NUMBER
International Standard Book Number 9789688179239
050 04 - LIBRARY OF CONGRESS CALL NUMBER
Classification number GF91 .M6
Item number P76 2010
245 10 - TITLE STATEMENT
Title Propuesta para la generación semiautomatizada de unidades de paisajes :
Remainder of title fundamentos y métodos
Statement of responsibility, etc / Ángel Priego, Gerardp Bocco, Manuel Mendoza y Arturo Garrido
250 ## - EDITION STATEMENT
Edition statement 1a ed.
260 ## - PUBLICATION, DISTRIBUTION, ETC. (IMPRINT)
Place of publication, distribution, etc México :
Name of publisher, distributor, etc Secretaría de Medio Ambiente y Recursos Naturales (SEMARNAT) : Instituto Nacional de Ecología, INE-SEMARNAT) : Universidad Autonóma de México, Campus Morelia, Centro de Investigaciones Geografía Ambiental,
Date of publication, distribution, etc 2010.
300 ## - PHYSICAL DESCRIPTION
Extent 104 p. :
Other physical details il. ;
Dimensions 23 cm.
504 ## - BIBLIOGRAPHY, ETC. NOTE
Bibliography, etc Incluye bibliografía (p.22-28) e índice
650 #7 - SUBJECT ADDED ENTRY--TOPICAL TERM
Source of heading or term LEMB
Topical term or geographic name as entry element Evaluación del paisaje
Geographic subdivision México
650 #7 - SUBJECT ADDED ENTRY--TOPICAL TERM
Source of heading or term LEMB
Topical term or geographic name as entry element Cartografía
Geographic subdivision México
700 1# - ADDED ENTRY--PERSONAL NAME
Personal name Priego, Ángel,
Relator term coaut.
700 1# - ADDED ENTRY--PERSONAL NAME
Personal name Bocco, Gerardo,
Relator term coaut.
700 1# - ADDED ENTRY--PERSONAL NAME
Personal name Mendoza, Manuel,
Relator term coaut.
700 1# - ADDED ENTRY--PERSONAL NAME
Personal name Garrido, Arturo,
710 2# - ADDED ENTRY--CORPORATE NAME
Corporate name or jurisdiction name as entry element México :
Subordinate unit SEMARNAT.
942 ## - ADDED ENTRY ELEMENTS (KOHA)
Source of classification or shelving scheme Biblioteca del Cogreso de los Estados Unidos
Koha item type Libro
Holdings
Estado de pérdida Fuente de clasificación Estado del daño No para préstamo Ubicación permanente Ubicación actual Apartado o colección Fecha de adquisición Edición Dependencia de educación superior (DES) Área del conocimiento Clasificación Código de Barras Date last seen Número de copia Costo por reposición Tipo de recurso Fuente de adquisición Total Checkouts
  Biblioteca del Cogreso de los Estados Unidos     Biblioteca del Instituto de Investigaciones Históricas Biblioteca del Instituto de Investigaciones Históricas General 01/06/2017 1a ed. Humanidades Ciencias Naturales y Exactas GF91.M6 P76 2010 IIH000016430 01/06/2017 1 1.00 Libro    
  Biblioteca del Cogreso de los Estados Unidos     Biblioteca del Instituto de Investigaciones Históricas Biblioteca del Instituto de Investigaciones Históricas General 22/01/2025 1a ed. Humanidades Ciencias Naturales y Exactas GF91.M6 P76 2010 IIH000037330 22/01/2025 2 1.00 Libro Donación